000 00679nam a2200181 i 4500
001 191991
003 ES-MaACL
005 20230906224140.0
008 221028m18221834fr d 000 0 fre d
040 _aESUCM
_bspa
_cESUCM
_dESUCM
080 _a68"18"(038)
245 0 0 _aDictionaire technologique ou nouveau dictionnaire universel des arts et métiers :
_bet de'leconomie industrielle et commerciale, par une socciéte dee savs d'artistes.
260 _aParis :
_bThomine, Libraire, Rue de la Harpe,
_c1822-1834.
300 _a22 v. ;
_c21 cm.
650 0 7 _aTecnología-
_vDiccionarios.
_917402
650 0 0 _aCiencias-
_vDiccionarios.
_910973
852 4 _aES-MaACL
_jB-6903-23
999 _c191991
_d191991